On formulation of empirical models in dynamic econometrics (Registro nro. 26324)

Detalles MARC
000 -LEADER
fixed length control field 00377 a2200121 4500
001 - CONTROL NUMBER
control field ART_12395
005 - DATE AND TIME OF LATEST TRANSACTION
control field 20260410161905.0
008 - FIXED-LENGTH DATA ELEMENTS--GENERAL INFORMATION
fixed length control field 260409a
100 1# - MAIN ENTRY--PERSONAL NAME
Personal name Hendry, David F.
245 10 - TITLE STATEMENT
Title On formulation of empirical models in dynamic econometrics
700 1# - ADDED ENTRY--PERSONAL NAME
Personal name Richard, J.F.
773 0# - HOST ITEM ENTRY
Title Journal of econometrics
Related parts - Vol. 20, Nº 1 (oct. 1982)
Record control number REV11720

No hay ítems disponibles.